Vista normal
Vista MARC
Entrada Meeting Name
Número de registros utilizados en: 1
001 - CONTROL NUMBER
- control field: 38569
003 - CONTROL NUMBER IDENTIFIER
- control field: OSt
005 - DATE AND TIME OF LATEST TRANSACTION
- control field: 20210719160701.0
008 - FIXED-LENGTH DATA ELEMENTS
- fixed length control field: 210719|| aca||aabn | a|a d
040 ## - CATALOGING SOURCE
- Original cataloging agency: OSt
- Transcribing agency: OSt
111 ## - HEADING--MEETING NAME
- Meeting name or jurisdiction name as entry element: Convencin̤ Bancaria y de Instituciones Financiera
- Number of part/section/meeting: (27o :
- Date of meeting or treaty signing: 1991 may. 23 y 24 :
- Location of meeting: Cartagena)
670 ## - SOURCE DATA FOUND
- Source citation: Work cat.: (OSt)11987: Convencin̤ Bancaria y de Instituciones Financiera (27o : 1991 may. 23 y 24 : Cartagena), El sector financiero en los años noventa / , 1991.